1209 1535 1289 1663 1803 1026 1098 1223 1304 1678 1528 1091 1066 1077 1895 1183 1763 1901 1760 1643 1166 1632 1519 1732 1262 1803 1501 1552 1936 1289 1828 1934 1190 1641 1398 1512 1953 1830 1999 1295 1973 1051 1992 1040 1232 1758 1802 1650 1525 1942 1574 1488 1598 1999 1881 1858 1392 1326 1511 1310 1696 1803 1759 1489 1743 1206 1886 1844 1013 1080 1136 1747 1846 1912 1440 1100 1289 1633 1355 1331 1554 1415 1232 1923 1101 1139 1941 1767 1959 1144 1901 1534 1148 1238 1290 1602 1107 1284 1276 BCNSPRNW ULIB Ver.6.0+V

เปลี่ยนเป็นภาษาไทย

Change to English
 แสดงรายละเอียดบรรณานุกรม
  กลับหน้าหลัก

Brief Record : Get Marc (ISO 2709) : E-mail record : QR code < ปิดหน้าต่าง
LEADER : 00000nam 2200000uu 4500
001    13399121737
003     ULIB
008    121204s2552||||th 000 0 tha d
020    ^a9789741109524
060 04 ^aWE348^bณ371ป 2552
100 0  ^aณัฐสุรางค์ บุญจันทร์
245 10 ^aปวดข้อ - ข้อเสื่อมและการประยุกต์กระบวนการพยาบาล /^cณัฐสุรางค์ บุญจันทร์
250    ^aพิมพ์ครั้งที่ 1
260    ^aกรุงเทพฯ :^bคณะพยาบาลศาสตร์ มหาวิทยาลัยมหิดล,^c2552
300    ^axi, 150 หน้า :^bภาพประกอบ ;^c21 ซม.
650  7 ^aกระดูกและข้ออักเสบ
650  7 ^aข้อเสื่อม
710 2  ^aมหาวิทยาลัยมหิดล. ^bคณะพยาบาลศาสตร์
945    ^p0^l0^i17114
945    ^p0^l0^i17115
945    ^p0^l0^i17015
945    ^p0^l0^i17014
995    ^aกัณชพร
999 ^a ใช้งานได้ทุกระบบ
รายการนี้ยังไม่มีแท็ก
คุณยังไม่ได้ล็อกอิน คุณสามารถมีกิจกรรมร่วมกับเว็บไซต์ได้ แต่ต้องล็อกอินก่อน ::
  ล็อกอิน

รายการสื่อสารสนเทศ

ลำดับที่ ประเภท เลขเรียก/บาร์โค้ด สถานที่ สถานะ
- ไม่พบข้อมูล -

รายการใกล้เคียง
    ผู้แต่ง [ณัฐสุรางค์ บุญจันทร์]

    หัวเรื่อง [กระดูกและข้ออักเสบ]
    หัวเรื่อง [ข้อเสื่อม]

BibComment


ยังไม่เคยถูกคอมเมนท์

คอมเมนท์ทรัพยากรรายการนี้
  คอมเมนท์: ปวดข้อ ข้อเสื่อ..


 Copyright 2026. Bcnsprnw @Library